Statistiques concernant La Loire en images

Cliquez ici pour prendre le quiz!

Statistiques générales

  • Ce quiz a été pris 50 fois
  • Le résultat moyen est 6 sur 18

Statistiques - réponses

Réponse% Correct
Saint-Etienne
87%
Muriel Robin
77%
Roanne
69%
Forez
59%
Geoffroy-Guichard
59%
Bernard Lavilliers
38%
Fourme de Montbrison
36%
Musée de la Mine
36%
Praluline
33%
Pilat
31%
Feurs
18%
Râpée
18%
Château de Bouthéon
15%
Château de la Roche
10%
Barrage de Villerest
8%
Pierre-sur-Haute
5%
Jules Massenet
3%
Le Crozet
3%

Distribution des résultats

Percentile par nombre de réponses

% des personnes avec chaque résultat

Votre développement - résultats

Vous n’avez pas pris ce quiz